Normal view MARC view

Entry Personal Name

Number of records used in: 1

001 - CONTROL NUMBER

  • control field: 27975

003 - CONTROL NUMBER IDENTIFIER

  • control field: OSt

005 - DATE AND TIME OF LATEST TRANSACTION

  • control field: 20211005161524.0

008 - FIXED-LENGTH DATA ELEMENTS

  • fixed length control field: 211005|| aca||aabn | a|a d

040 ## - CATALOGING SOURCE

  • Original cataloging agency: OSt
  • Transcribing agency: OSt

100 ## - HEADING--PERSONAL NAME

  • Personal name: Switzer, D., Wang, W. and Hirschvogel, L.

670 ## - SOURCE DATA FOUND

  • Source citation: Work cat.: (OSt)517711: Switzer, D., Wang, W. and Hirschvogel, L. , Municipal utilities and covid-19: Challenges, responses, and collaboration

Powered by Koha